Reingenieria de procesos de negocios: un planteamiento metodologico
Guardado en:
| Autor principal: | |
|---|---|
| Formato: | Libro |
| Lenguaje: | español |
| Publicado: |
Santiago
Dolmen
1994
|
| Colección: | Economia y gestion
|
| Materias: | |
| Etiquetas: |
Agregar Etiqueta
Sin Etiquetas, Sea el primero en etiquetar este registro!
|
MARC
| LEADER | 00000cam a2200000 a 4500 | ||
|---|---|---|---|
| 001 | UCY3437 | ||
| 003 | CL-VaPUC | ||
| 008 | 941227e19940000CL |||||||||||||||||spa|d | ||
| 082 | 0 | 4 | |a 658.406 |b BAR |2 21 |
| 100 | 0 | |a Barros Vera, Oscar |e author |9 331695 | |
| 245 | 1 | 0 | |a Reingenieria de procesos de negocios: un planteamiento metodologico |
| 300 | |a 228 p | ||
| 942 | |c BK | ||
| 945 | |d 19941227 00:00:00 |a mfernand | ||
| 260 | |a Santiago |b Dolmen |c 1994 | ||
| 650 | 0 | |a Cambio organizacional |9 260741 | |
| 650 | 0 | |a Reorganización de corporaciones |9 329243 | |
| 583 | |a last modification |c 20141010 11:15:16 |k Rodrigo Vera | ||
| 490 | 0 | |a Economia y gestion | |
| 999 | |c 231566 |d 231564 | ||
| 952 | |0 0 |1 0 |4 0 |6 658_406000000000000_BAR_1994 |7 0 |8 A |9 234958 |a BIBENE |b BIBENE |d 2019-11-15 |i 3047334 |o 658.406 BAR 1994 |p 3047334 |r 2025-01-15 |w 2019-11-15 |y BK |k ICO | ||
| 952 | |0 0 |1 0 |4 0 |6 658_406000000000000_BAR_1994 |7 0 |8 P |9 234959 |a BIBEDU |b BIBEDU |c BIBEDU_PB |d 2019-11-15 |i 3121313 |o 658.406 BAR 1994 |p 3121313 |r 2024-01-25 |w 2019-11-15 |y BK |k EDU | ||
| 952 | |0 0 |1 0 |4 0 |6 658_406000000000000_BAR_1994 |7 0 |8 A |9 234960 |a BIBGIM |b BIBGIM |d 2019-11-15 |i 3134768 |o 658.406 BAR 1994 |p 3134768 |r 2025-01-15 |w 2019-11-15 |y BK |k COM | ||
| 952 | |0 0 |1 0 |4 0 |6 658_406000000000000_BAR_1994 |7 0 |8 A |9 234961 |a BIBGIM |b BIBGIM |d 2019-11-15 |i 3155552 |o 658.406 BAR 1994 |p 3155552 |r 2025-01-15 |w 2019-11-15 |y BK |k COM | ||
| 952 | |0 0 |1 0 |4 0 |6 658_406000000000000_BAR_1994 |7 0 |8 A |9 234962 |a BIBING |b BIBING |d 2019-11-15 |i 4514963 |o 658.406 BAR 1994 |p 4514963 |r 2025-01-20 |w 2019-11-15 |y BK |k EII | ||
| 952 | |0 0 |1 0 |3 erb |4 0 |6 658_406000000000000_BAR_1994 |7 0 |8 A |9 234963 |a BIBING |b BIBING |i 5118492 |o 658.406 BAR 1994 |p 5118492 |r 2025-01-20 |w 2019-11-15 |y BK |z Catalogado en:20141009 |k EII | ||